| 000 | 01096nam a2200205Ia 4500 | ||
|---|---|---|---|
| 003 | Ost | ||
| 005 | 20260507075047.0 | ||
| 008 | 260507s9999||||xx |||||||||||||| ||und|| | ||
| 040 | _cfsecg | ||
| 041 | _aara | ||
| 082 | _a340 | ||
| 100 |
_aمنصور، محمد حسين _eمؤلف |
||
| 245 | 0 |
_aمصادر الإلتزام : _bالفعل الضار والفعل النافع، القانون / _c محمد حسين منصور |
|
| 260 |
_aالإسكندرية: _bالدار الجامعية, _c2000 |
||
| 300 |
_a344 صفحة؛ _bإيضاحات ؛ _c24 سم |
||
| 520 | _aالقانون كمصدر للإلتزام-مفهوم المسؤولية التقصيرية-المسؤولية عن الأعمال الشخصية(التبعة الناجمة عن الفعل الشخصي)-المسؤولية عن فعل الغير-المسؤولية عن الأشياء-تعويض الضرر-مبدأ الإثراء بلا سبب-دفع غير المستحق(إيفاء ما لا يجب)-الفضالة(الفضول) | ||
| 653 | _aالإلتزمات | ||
| 653 | _aالقانون | ||
| 942 | _cكتاب | ||
| 999 |
_c42600 _d42600 |
||